Hydrology (Record no. 4952)

000 -LEADER
fixed length control field 00585nam a2200205 4500
001 - CONTROL NUMBER
control field 4952
003 - CONTROL NUMBER IDENTIFIER
control field BD-DhUET
008 - FIXED-LENGTH DATA ELEMENTS--GENERAL INFORMATION
fixed length control field 790911s1979 enkaf b 001 0 eng
020 ## - INTERNATIONAL STANDARD BOOK NUMBER
International Standard Book Number 0080242618
040 ## - CATALOGING SOURCE
Original cataloging agency DLC
Transcribing agency DLC
Modifying agency BD-DhUET
082 00 - DEWEY DECIMAL CLASSIFICATION NUMBER
Classification number 551.49
Item number RAU/1979
100 1# - MAIN ENTRY--PERSONAL NAME
Personal name Raudkivi, A. J.
245 10 - TITLE STATEMENT
Title Hydrology
Remainder of title an advanced introduction to hydrological processes and modelling
Statement of responsibility, etc. by Arved J. Raudkivi
250 ## - EDITION STATEMENT
Edition statement 1st ed.
260 ## - PUBLICATION, DISTRIBUTION, ETC. (IMPRINT)
Place of publication, distribution, etc. New York
Name of publisher, distributor, etc. Pergamon Press
Date of publication, distribution, etc. 1979
300 ## - PHYSICAL DESCRIPTION
Extent ix,479p.
Other physical details ill.
Dimensions 26 cm.
504 ## - BIBLIOGRAPHY, ETC. NOTE
Bibliography, etc Includes bibliographies
650 #0 - SUBJECT ADDED ENTRY--TOPICAL TERM
Topical term or geographic name as entry element Hydrology
942 ## - ADDED ENTRY ELEMENTS (KOHA)
Koha item type General Book
Holdings
Price effective from Koha item type Lost status Koha date last seen Date acquired Source of classification or shelving scheme Copy number Damaged status Koha normalized classification for sorting Shelving location Not for loan Location (home branch) Sublocation or collection (holding branch) Withdrawn status Piece designation (barcode) Koha full call number
2014-11-23General Book 2014-11-232014-11-23 1 551_490000000000000_RAU_1979Circulation section Central Library, BUETCentral Library, BUET 58541551.49/RAU/1979
2014-11-23General Book 2014-11-232014-11-23 2 551_490000000000000_RAU_1979Circulation section Central Library, BUETCentral Library, BUET 58547551.49/RAU/1979
2014-11-23General Book 2014-11-232014-11-23 3 551_490000000000000_RAU_1979Circulation section Central Library, BUETCentral Library, BUET 58544551.49/RAU/1979
2014-11-23General Book 2014-11-232014-11-23 4 551_490000000000000_RAU_1979Circulation section Central Library, BUETCentral Library, BUET 58550551.49/RAU/1979
2014-11-23General Book 2014-11-232014-11-23 5 551_490000000000000_RAU_1979Circulation section Central Library, BUETCentral Library, BUET 58545551.49/RAU/1979
2014-11-23General Book 2014-11-232014-11-23 6 551_000000000000000_49RAU1979Circulation section Central Library, BUETCentral Library, BUET 58549551.49/RAU/1979
2014-11-23General Book 2014-11-232014-11-23 7 551_490000000000000_RAU_1979Circulation section Central Library, BUETCentral Library, BUET 58540551.49/RAU/1979
2014-11-23General Book 2014-11-232014-11-23 8 551_490000000000000_RAU_1979Circulation section Central Library, BUETCentral Library, BUET 51654551.49/RAU/1979
2014-11-23General Book 2014-11-232014-11-23 9 551_490000000000000_RAU_1979Circulation section Central Library, BUETCentral Library, BUET 58546551.49/RAU/1979